Statistiques concernant Capitales régionales françaises aléatoires

Cliquez ici pour prendre le quiz!

Statistiques générales

  • Ce quiz a été pris 185 fois
  • Le résultat moyen est 9 sur 10

Statistiques - réponses

RégionsCapitales% Correct
Île-de-FranceParis
100%
Hauts-de-FranceLille
98%
Auvergne-Rhône-AlpesLyon
97%
Provence-Alpes-Côte d'AzurMarseille
97%
CorseAjaccio
95%
Nouvelle-AquitaineBordeaux
95%
Grand-EstStrasbourg
93%
NormandieRouen
92%
BretagneRennes
91%
Bourgogne-Franche-ComtéDijon
88%
OccitanieToulouse
88%
Pays-de-la-LoireNantes
83%
La RéunionSaint-Denis
80%
Centre-Val de LoireOrléans
74%
MartiniqueFort-de-France
73%
GuadeloupeBasse-Terre
70%
GuyaneCayenne
70%
MayotteDzaoudzi
58%

Distribution des résultats

Percentile par nombre de réponses

% des personnes avec chaque résultat

Votre développement - résultats

Vous n’avez pas pris ce quiz